Το σπασμένο ζάρι
Αποθηκεύτηκε σε:
| Κύριος συγγραφέας: | |
|---|---|
| Άλλοι συγγραφείς: | |
| Μορφή: | Βιβλίο |
| Γλώσσα: | Greek French |
| Δημοσίευση: |
Αθήνα :
Δίαυλος,
c1995.
|
| Σειρά: | Ιστορία και φιλοσοφία των επιστημών
|
| Θέματα: | |
| Ετικέτες: |
Προσθήκη ετικέτας
Δεν υπάρχουν, Καταχωρήστε ετικέτα πρώτοι!
|
MARC
| LEADER | 00000cam a2200000 i 4500 | ||
|---|---|---|---|
| 001 | 1/99572 | ||
| 008 | 000301s1995 gr | ||| |||| ||gre|| | ||
| 020 | |a 9607140745 | ||
| 035 | |l 10056937 | ||
| 040 | |a GR-MyUA |b gre |e AACR2 | ||
| 041 | 1 | |a gre |h fre | |
| 082 | 0 | |a 519.2 |2 (22) | |
| 100 | 1 | |a Ekeland, I. |q (Ivar), |d 1944- | |
| 245 | 1 | 3 | |a Το σπασμένο ζάρι / |c Ιβάρ Εκελαντ ; μετάφραση Στράτος Μάκρας. |
| 260 | |a Αθήνα : |b Δίαυλος, |c c1995. | ||
| 300 | |a 252 σ. : |b εικ. ; |c 21 εκ. | ||
| 490 | 1 | |a (Ιστορία και φιλοσοφία των επιστημών) | |
| 500 | |a Τίτλος πρωτοτύπου: "Au hasard". | ||
| 500 | |a Υπότιτλος στο εξώφυλλο: "και άλλες μαθηματικές ιστορίες για την τύχη". | ||
| 650 | 0 | 0 | |a Probabilities. |
| 650 | 0 | 0 | |a Mathematical statistics. |
| 700 | 1 | |a Μάκρας, Στράτος, |e trl | |
| 830 | 0 | |a Ιστορία και φιλοσοφία των επιστημών | |
| 852 | |a INST |b SAMOS |e 20000301 |h 519.2 EKE |p 005300015846 |q 005300015846 |t BK |y 0 | ||
| 852 | |a INST |b SYROS |e 20070319 |h 519.2 EKE |p 005500007559 |q 005500007559 |t BK |y 0 | ||
| 901 | |a BIBL5-2007-1 | ||
| 901 | |a BIBL3-2000-1 | ||
| 909 | |a Ε |b 117753 | ||
| 909 | |a Σ |b 071804 | ||
| 922 | |a 5ΕΛΗ |b 200610 |c ΒΙΒΛΙΟΘΗΚΗ ΣΥΡΟΥ |d GLORY BOOK | ||
| 922 | |a 3ΕΛΗ |b 199912 |c ΒΙΒΛΙΟΘΗΚΗ |d ΠΑΠΑΣΩΤΗΡΙΟΥ | ||
| 950 | |a 127-1999-11-23 | ||
| 970 | |a ΓΕΝΟΥΖΟΥ |b ΧΡΥΣΑΝΘΗ |z 2000/03/01 | ||